El libro de los sueños / (Registro nro. 107689)
[ vista simple ]
| 000 -LEADER | |
|---|---|
| campo de control de longitud fija | 00653nam a2200229 4500 |
| 001 - NÚMERO DE CONTROL | |
| campo de control | 107689 |
| 003 - IDENTIFICADOR DE NÚMERO DE CONTROL | |
| campo de control | ES-MaACL |
| 005 - FECHA Y HORA DE LA ÚLTIMA TRANSACCIÓN | |
| campo de control | 20230906184454.0 |
| 007 - CAMPO FIJO DE DESCRIPCIÓN FÍSICA--INFORMACIÓN GENERAL | |
| campo de control de longitud fija | t| |
| 008 - DATOS DE LONGITUD FIJA--INFORMACIÓN GENERAL | |
| campo de control de longitud fija | 061121s1959 sp r ||||1| spa d |
| 080 ## - NÚMERO DE LA CLASIFICACIÓN DECIMAL UNIVERSAL | |
| Número de la Clasificación Decimal Universal | 159.963.3 |
| 100 1# - ENTRADA PRINCIPAL--NOMBRE DE PERSONA | |
| Nombre de persona | Moreno, J. J. |
| 9 (RLIN) | 83285 |
| 245 13 - MENCIÓN DEL TÍTULO | |
| Título | El libro de los sueños / |
| Mención de responsabilidad, etc. | J.J. Moreno. |
| 260 ## - PUBLICACIÓN, DISTRIBUCIÓN, ETC. | |
| Lugar de publicación, distribución, etc. | Barcelona [etc.] : |
| Nombre del editor, distribuidor, etc. | Daimon, |
| Fecha de publicación, distribución, etc. | 1959. |
| 300 ## - DESCRIPCIÓN FÍSICA | |
| Extensión | 234 p. 8 lám. ; |
| Dimensiones | 18. |
| 490 1# - MENCIÓN DE SERIE | |
| Mención de serie | Pequeña Biblioteca Daimon ; |
| Designación de volumen o secuencia | 16 |
| 650 04 - PUNTO DE ACCESO ADICIONAL DE MATERIA--TÉRMINO DE MATERIA | |
| Término de materia o nombre geográfico como elemento de entrada | Sueños. |
| 9 (RLIN) | 17252 |
| 830 0# - PUNTO DE ACCESO ADICIONAL DE SERIE-TÍTULO UNIFORME | |
| Título uniforme | Pequeña Biblioteca Daimon ; |
| Designación de volumen o secuencia | 16 |
| 9 (RLIN) | 186655 |
| 852 ## - LOCALIZACIÓN | |
| Ubicación | ES-MaACL |
| Número de control de estantería | C-17326 |
| Sublocalización o colección | R.45426 |
| 852 ## - LOCALIZACIÓN | |
| Ubicación | ES-MaACL |
| Número de control de estantería | C-29506 |
| Estatus retirado | Estado de pérdida | Estado de daño | No para préstamo | Biblioteca de origen | Biblioteca actual | Ubicación en estantería | Fecha de adquisición | Fuente de adquisición | Total de préstamos | Signatura topográfica completa | Código de barras | Visto por última vez | Precio de reemplazo | Tipo de ítem Koha |
|---|---|---|---|---|---|---|---|---|---|---|---|---|---|---|
| Biblioteca del Ateneo de Madrid | Biblioteca del Ateneo de Madrid | Depósito 2 | 24/05/2011 | C-29506 | 1187259 | 23/02/2023 | 23/02/2023 | Libro impreso | ||||||
| Biblioteca del Ateneo de Madrid | Biblioteca del Ateneo de Madrid | Galería | 17/01/2008 | C-17326 | 1112388 | 23/02/2023 | 23/02/2023 | Libro impreso |
